01385nam a2200301Ia 450000500170000000800410001702000150005810000290007324501150010225000190021730000520023653400390028865000390032765000550036670000270042170000390044894200120048726400250049933600270052433700330055133800280058404000350061208400180064799900150066595201370068095201350081795201310095220220317000752.0160601s2000 sp a g 000 0 spa  a84790226551 aDu Puy De Goyne, Thierry10aTécnicas de utilización de la moto cThierry du Puy de Goyne, Pierre Dumatre ; traducción Susana Calleja a1a. edición  a128 páginas bilustraciones en color c24 cm  tTechnique d'utilisation de la moto142LEMBaMotocicletas xHerramientas 142LEMBaMotocicletas xMantenimiento y reparación 1 aDumatre, Pierre9543391 aSusana, Callejaetraductor 954340 2loccBK aMadrid bTutorc2000 atextobtxt2rdacontent asin mediaciónbn2rdamedia avolumenbnc2rdacarrier aCO-BoRNBPbspaerdacCO-BoRNBP a629.2275 D86t c5001d5001 00102ddc4070aMEPRICObMEPRICOcSInfd2023-06-07l0o629.2275 D86t EJ. 1pPR0000012121r2023-06-07 00:00:00tEj.1w2023-06-07yBK 00102ddc40708GENaMEMAPIRIbMEMAPIRIcGENd2024-01-04l0o629.2275 D86tpMAP0000728r2024-01-04 16:13:49tEj.1w2024-01-04yBK 00102ddc40708GENaMEURIBEbMEURIBEcGENd2024-08-02l0o629.2275 D86tpURI00752r2024-08-02 14:35:35tEj.1w2024-08-02yBK